Регионална библиотека "Любен Каравелов" - Русе

Goethes Menschengestaltung (Запис номер 343645)

MARC детайли
000 -Лидер
Контролно поле с фиксирана дължина 01131nam a2200289 c 4500
003 - Код на организацията, давaща контролен номер
Контролно поле BLK
005 - Дата и час на последна редакция
Контролно поле 20190913121245.0
008 - Елементи от данни с фиксирана дължина
fixed length control field 180911b bul|||||r ||||||| ||bul||
010 ## - Наследен системен номер
LC control number 003306
040 ## - Източник на каталожния запис
Идентификатор на билиотеката - собственик на записа BLK
041 ## - Код за език
Код за езика на текст/звукозапис или на отделно заглавие Немски
080 ## - УДК
Текстов определител УДК Гьоте, Йохан
УДК определител 92
УДК - код + определител 830.01830.09830(092)92
100 1# - Редна дума - Автор
Автор KINDERMANN, Heinz
Авторска отговорност първи автор
245 00 - Сведения за заглавието
Заглавие Goethes Menschengestaltung
Том Bd. 1
246 ## - Различни форми на заглавието
Паралелно заглавие Versuch einer literarhistorischen Anthropologie : Bd. 1-
Текст за показване Der junge Goethe : Mit einer Einfuhrung in die Aufgaben der literarhistorischen Anthropologie
260 ## - Област на издателските данни
Място на издаване, разпространение и проч. Berlin
Име на издателя, разпространителя и проч. Junker und Dunnhaupt
Година на издаване 1932
Дата на отпечатване 1932
300 ## - Физическа характеристика
Страници XIV, 341 с
Размери/Мащаб 23 см
380 ## - Жанр
Жанр Литературознание
490 ## - СЕРИИ (Колекции)
Име на серия Частна колекция - Академик Михаил Арнаудов
Бележки за серията Дарение - Основен фонд
505 ## - Форматирана забележка
Заглавие Der junge Goethe : Mit einer Einfuhrung in die Aufgaben der literarhistorischen Anthropologie
650 ## - Допълнително описание по предмет – тема
Основно описание – тема или топоним Биографии
650 ## - Допълнително описание по предмет – тема
Основно описание – тема или топоним Писатели
655 ## - Ключова дума – жанр/разновидност
Данни за жанр/разновидност или ключова дума за фокус Литературознание
700 1# - Други автори (авторска отговорност)
Лично име Heinz Kindermann
852 ## - Местоположение
Форматна сигнатура МА 1297
942 ## - АРТИКУЛИ
Вид на библиотечния материал Книги
Скрит в OPAC Не
944 ## - СЪЗДАВАНЕ И РЕДАКЦИЯ на ЗАПИСА
Създаване/Редакция Създаване
Дата на регистрацията/редакция 1996
Служител, извършил регистрацията/редакцията ValK
999 ## - СИСТЕМНИ КОНТРОЛНИ НОМЕРА
Koha biblionumber 343645
Koha biblioitemnumber 343645
Наличности
Код за отписване Код за изгубен артикул Източник на класификационната схема Код за повреда Коз за рестрикции Код за отдаване Артикулен № Име на библиотеката - собственик Име на библиотеката, в която се намира в момента Статус (Текущо местоположение) Местоположение - отдел Цена в лева Номерация (Хронология) Инвентарен номер Систематично азбучна сигнатура Баркод Номер на екземпляра Цена в евро Служебен тип на артикула
  Не е изгубен Universal Decimal Classification Не е повреден без рестрикции Специални фондове ( старопечатни, редки и ценни, фонд М. Арнаудов) 743903 Регионална библиотека "Любен Каравелов" Русе Регионална библиотека "Любен Каравелов" Русе Фонд "Михаил Арнаудов" Фонд "Михаил Арнаудов" 30.00   587949 МА 1297 120000587949 1 15.34 Книги
Vip Innovations Ltd, Rousse, Bulgaria 2025